|
|
|
|
| LEADER |
00000nab a2200000 a 4500 |
| 001 |
vtls000282921 |
| 003 |
SK-MaSNL |
| 005 |
20260304165832.0 |
| 008 |
190109c1987 xo 0 slo |
| 015 |
|
|
|a SNBRB19rr/mm-uuuuu
|
| 035 |
|
|
|a CL0293039
|
| 040 |
|
|
|a SNKBUCL
|b slo
|c SNKBUCL
|e AACR2
|
| 041 |
0 |
|
|a slo
|
| 044 |
|
|
|a xo
|c SK
|
| 080 |
|
|
|a 327(437:689.1)
|2 1981
|
| 080 |
|
|
|a 327(100-19)(689.1:437)
|2 1981
|
| 080 |
|
|
|a 331.88(437:689.1)
|2 1981
|
| 080 |
|
|
|a 331.88(100-19)(689.1:437)
|2 1981
|
| 100 |
1 |
|
|a (vlk)
|4 aut
|9 909213
|
| 245 |
1 |
0 |
|a Obojstranná spolupráca
|b Z návštevy zimbabwianskych odborárov
|c (vlk)
|
| 300 |
|
|
|b Obr. 1.
|
| 610 |
2 |
7 |
|a Revolučné odborové hnutie.
|b Ústredná rada odborov
|2 SNKKA
|9 180099
|
| 650 |
0 |
7 |
|a ČSSR
|2 snkbucl
|9 335647
|
| 650 |
0 |
7 |
|a Odborový kongres Zimbabwe
|2 snkbucl
|9 945014
|
| 651 |
|
7 |
|a Zimbabwe
|2 snkbucl
|9 78606
|
| 655 |
|
7 |
|a články z novín a časopisov
|2 snkbucl
|9 267496
|
| 773 |
0 |
|
|t Práca
|g Roč. 42, č. 170 (23. 7. 1987), s. 1 a 2
|
| 850 |
|
|
|a Slovenská národná knižnica v Martine
|a MTA001
|
| 852 |
|
|
|a SNK
|b KIS3GCP
|
| 958 |
|
|
|a RK
|
| 992 |
|
|
|a RBX
|
| 999 |
|
|
|c 2985721
|d 2987651
|